| 000 | 01358pam a2200385 a 4500 | ||
|---|---|---|---|
| 001 | 8384 | ||
| 003 | FISKH | ||
| 005 | 20250910113443.0 | ||
| 008 | 910920s1992 nyua j 000 1 eng | ||
| 010 | _a 91036324 | ||
| 020 |
_a0399221301 : _c$14.95 ($19.50 Can.) |
||
| 020 | _a9780399221309 | ||
| 040 |
_aDLC _cDLC _dDLC _beng |
||
| 051 | _a PZ7.M478415 M | ||
| 082 | _a813.54 | ||
| 100 | 1 | _aMcCully, Emily Arnold. | |
| 245 | 1 | 0 |
_aMirette on the high wire / _cEmily Arnold McCully. |
| 250 | _aFirst Scholastic printing, September 1993. | ||
| 260 |
_aNew York : _bScholastic, _c1992. |
||
| 300 |
_a32 unnumbered pages : _bcolor illustrations ; _c28 cm |
||
| 336 |
_atext _btxt _2rdacontent |
||
| 337 |
_aunmediated _bn _2rdamedia |
||
| 338 |
_avolume _bnc _2rdacarrier |
||
| 505 | _aR | ||
| 520 | _aMirette learns tightrope walking from Monsieur Bellini, a guest in her mother's boarding house, not knowing that he is a celebrated tightrope artist who has withdrawn from performing because of fear. | ||
| 521 | 8 |
_a660
_bLexile |
|
| 521 | 8 |
_aR
_bRaz-Plus |
|
| 586 | _aCaldecott medal, 1993. | ||
| 650 | 1 |
_aTightrope walking _xFiction. |
|
| 655 | 7 |
_aJuvenile literature _y1992. _2local |
|
| 700 | 1 |
_aMcCully, Emily Arnold, _esigner. _5DLC |
|
| 906 |
_a7 _bcbc _corignew _d1 _eocip _f19 _gy-gencatlg |
||
| 942 |
_2ddc _cBK _n0 |
||
| 999 |
_c8384 _d8384 |
||